The navy in the Dardanelles campaign, (Record no. 552078)
[ view plain ]
| 000 -LEADER | |
|---|---|
| fixed length control field | 00624cam a22001571 4500 |
| 082 ## - DEWEY DECIMAL CLASSIFICATION NUMBER | |
| Classification number | 940.4 |
| Author Mark | WES |
| 100 2# - MAIN ENTRY--PERSONAL NAME | |
| Personal name | Wester Wemyss, Rosslyn Erskine Wemyss, |
| 9 (RLIN) | 49289 |
| 245 14 - TITLE STATEMENT | |
| Title | The navy in the Dardanelles campaign, |
| Statement of responsibility, etc. | by Admiral of the fleet Lord Wester-Wemyss, G. C. B. |
| 260 ## - PUBLICATION, DISTRIBUTION, ETC. | |
| Place of publication, distribution, etc. | London, |
| Name of publisher, distributor, etc. | Hodder and Stoughton limited |
| Date of publication, distribution, etc. | [1924] |
| 300 ## - PHYSICAL DESCRIPTION | |
| Extent | 2 p. l., 9-288 p. |
| Other physical details | front. (fold. map) |
| Dimensions | 23 cm. |
| 526 ## - STUDY PROGRAM INFORMATION NOTE | |
| Program name | 0 |
| Interest level | 0 |
| Reading level | 0 |
| Title point value | 940_400000000000000_WES |
| 650 #0 - SUBJECT ADDED ENTRY--TOPICAL TERM | |
| Topical term or geographic name entry element | MCE |
| 9 (RLIN) | 379 |
| 650 #0 - SUBJECT ADDED ENTRY--TOPICAL TERM | |
| Topical term or geographic name entry element | World War, 1914-1918 |
| General subdivision | Campaigns |
| Geographic subdivision | Turkey |
| -- | Gallipoli Peninsula. |
| 9 (RLIN) | 49290 |
| 650 #0 - SUBJECT ADDED ENTRY--TOPICAL TERM | |
| Topical term or geographic name entry element | World War, 1914-1918 |
| General subdivision | Naval operations. |
| 9 (RLIN) | 49291 |
| 942 ## - ADDED ENTRY ELEMENTS (KOHA) | |
| Source of classification or shelving scheme | |
| Koha item type | Book |
| Withdrawn status | Lost status | Source of classification or shelving scheme | Damaged status | Not for loan | Permanent Location | Current Location | Shelving location | Date acquired | Total Checkouts | Full call number | Barcode | Date last seen | Price effective from | Koha item type |
|---|---|---|---|---|---|---|---|---|---|---|---|---|---|---|
| Military College of Engineering (MCE) | Military College of Engineering (MCE) | 01/06/2015 | 940.4 WES | MCE-ECN/18 | 01/06/2015 | 01/06/2015 | Book |
